000 01739pam a2200385 a 4500
001 000011187
005 20200929162401.0
008 841029s1985 nyua b 101 0 eng c
020 _z0881670715
020 _z0881670561
035 _a(DLC) 84024901
040 _aDO-SdBNP
_bspa
_cBNPHU
_dDLC
050 0 0 _aQP376
_b.N64 1983
082 _a612/.822
_219
111 1 _aNobel Conference (Karolinska institutet)
_n(7ma. :
_d1983 :
_cSaltsjobaden, Suecia)
_926728
245 1 4 _aThe metabolism of the human brain studied with positron emission tomography /
_ceditores Torgny Greitz, David H. Ingvar yLennart Widen.
260 _aNew York :
_bRaven Press,
_cc1985.
300 _axxvi, 507 p. :
_bil. ;
_c25 cm.
500 _a"Sobre la base de los trabajos de la Conferencia Nobel de sesiones, celebrado en Saltsjobaden, Suecia, 17-20 de mayo, 1983 "- Tp verso.
500 _aLos patrocinadores de la reunión, la Asamblea Nobel del Instituto Karolinska, ... [et al.] "- P. enfrenta T.P.
504 _aIncluye referencias bibliográficas e índice.
650 0 _aBrain chemistry
_xCongresses.
_926729
650 0 _aEnergy metabolism
_xCongresses.
_926730
650 0 _aTomography, emission
_xCongresses.
_926731
650 0 _aBrain
_xDiseases
_xDiagnosis
_xCongresses.
_926732
650 2 _aBrain
_xMetabolism
_xCongresses.
_926733
650 2 _aBrain
_xRadionuclide imaging
_xCongresses.
_926734
650 2 _aTomography, emission computed
_xCongresses.
_926735
700 1 _aGreitz, Torgny Valdemar Bernhard,
_d1921-
_eed.
_926736
700 1 _aIngvar, David H.,
_eed.
_926737
700 1 _aWiden, Lennart.
_eed.
_926738
710 2 _aKarolinska institutet.
_bNobel Assembly.
_926739
910 _aCatalogación por copia / LC
049 _aBNGR
999 _c10909
_d10909